Statistics for Bodies of Water by Letter - C

Click here to take the quiz!

General Stats

  • This quiz has been taken 42 times
  • The average score is 9 of 11

Answer Stats

HintAnswer% Correct
This sea is sometimes referred to as the "world's largest lake."Caspian
100%
This river flows through the Grand Canyon.Colorado
100%
Second longest river in Africa, formerly known as the Zaire River.Congo
100%
__________ Bay is an estuary in the U.S. states of Maryland and Virginia.Chesapeake
83%
Name of the strait that separates the North and South Islands of New Zealand.Cook
83%
This sea has the world's second biggest barrier reef, the Mesoamerican Barrier Reef.Caribbean
80%
Indonesia's island of Sulawesi is also known as _______, and shares its name with the sea to the north of it.Celebes
77%
This sea is a marginal sea of the South Pacific off the northeast coast of Australia.Coral
71%
______ lake partly fills a nearly 2,148-foot (655 m)-deep caldera in south-central Oregon.Crater
66%
This river forms part of the border between Washington and the state of Oregon.Columbia
63%
The __________ River is a major waterway of southern Kentucky and north-central Tennessee.Cumberland
34%

Score Distribution

Percentile by Number Answered

Percent of People with Each Score

Your Score History

You have not taken this quiz